000 00549nam a2200181Ia 4500
999 _c13745
_d13745
003 OSt
005 20230916145103.0
008 190216s9999||||xx |||||||||||||| ||und||
020 _a033912276
040 _coclc
082 _a822.3
_bMAR/T
100 1 _aMarlowe, Christopher,
_d1564-1593
_95286
245 0 _aThe Tragical History of Doctor Faustus /
_cChristopher Marlowe
260 _bMacmillan India Ltd,
_c1976.
_aMadras:
300 _a72p
650 _aEnglish Literature
942 _cBK
_2ddc
_h822.3
_iMAR/T
_k822.3
_mMAR/T